<?xml version="1.0" encoding="UTF-8"?>
<record
    xmlns:xsi="http://www.w3.org/2001/XMLSchema-instance"
    xsi:schemaLocation="http://www.loc.gov/MARC21/slim http://www.loc.gov/standards/marcxml/schema/MARC21slim.xsd"
    xmlns="http://www.loc.gov/MARC21/slim">

  <leader>00834nam a22001697a 4500</leader>
  <controlfield tag="003">SGT</controlfield>
  <datafield tag="020" ind1=" " ind2=" ">
    <subfield code="a">9780074602256</subfield>
  </datafield>
  <datafield tag="082" ind1=" " ind2=" ">
    <subfield code="a">537,MAH</subfield>
  </datafield>
  <datafield tag="100" ind1=" " ind2=" ">
    <subfield code="a">MAHAJAN,A.S</subfield>
  </datafield>
  <datafield tag="245" ind1=" " ind2=" ">
    <subfield code="a">ELECTRICITY AND MAGNETISM</subfield>
  </datafield>
  <datafield tag="250" ind1=" " ind2=" ">
    <subfield code="a">1ST</subfield>
  </datafield>
  <datafield tag="260" ind1=" " ind2=" ">
    <subfield code="a">NEW DELHI</subfield>
    <subfield code="b">TMH</subfield>
    <subfield code="c">2015</subfield>
  </datafield>
  <datafield tag="300" ind1=" " ind2=" ">
    <subfield code="a">508</subfield>
  </datafield>
  <datafield tag="650" ind1=" " ind2=" ">
    <subfield code="a">ELECTRICITY &amp; ELECTRONICS, PHYSICS</subfield>
  </datafield>
  <datafield tag="653" ind1=" " ind2=" ">
    <subfield code="a">CHAPTER 1 VECTOR ANALYSIS  CHAPTER 2 THE ELECTROSTATIC FIELD - I  CHAPTER 3 THE ELECTROSTATIC FIELD - II  CHAPTER 4 CONDUCTORS, CAPACITORS AND ELECTROSTATIC ENERGY  CHAPTER 5 DIELECTRICS  CHAPTER 6 CURRENT ELECTRICITY  CHAPTER 7 MAGNETIC INDUCTION  CHAPTER 8 MOTION OF CHARGED PARTICLES IN AN ELECTROMAGNETIC FIELD CHAPTER 9 FARADAY'S LAW OF ELECTROMAGNETIC INDUCTION  CHAPTER 10 LCR CIRCUITS  CHAPTER 11 MAGNETIC FIELDS IN MATERIAL MEDIA  CHAPTER 12 MAXWELL'S EQUATIONS </subfield>
  </datafield>
  <datafield tag="942" ind1=" " ind2=" ">
    <subfield code="2">ddc</subfield>
    <subfield code="c">FPS</subfield>
  </datafield>
  <datafield tag="952" ind1=" " ind2=" ">
    <subfield code="0">0</subfield>
    <subfield code="1">0</subfield>
    <subfield code="2">ddc</subfield>
    <subfield code="4">0</subfield>
    <subfield code="7">1</subfield>
    <subfield code="8">FS</subfield>
    <subfield code="a">SSSL</subfield>
    <subfield code="b">SSSL</subfield>
    <subfield code="c">REF</subfield>
    <subfield code="d">2016-06-28</subfield>
    <subfield code="e">KIRTI PRAKASHAN</subfield>
    <subfield code="g">550.00</subfield>
    <subfield code="i">SGTU</subfield>
    <subfield code="o">537,MAH</subfield>
    <subfield code="p">PS965</subfield>
    <subfield code="r">2016-06-28 00:00:00</subfield>
    <subfield code="w">2015-09-19</subfield>
    <subfield code="y">FPS</subfield>
    <subfield code="k">2947</subfield>
  </datafield>
  <datafield tag="952" ind1=" " ind2=" ">
    <subfield code="0">0</subfield>
    <subfield code="1">0</subfield>
    <subfield code="2">ddc</subfield>
    <subfield code="4">0</subfield>
    <subfield code="7">0</subfield>
    <subfield code="8">FS</subfield>
    <subfield code="a">SSSL</subfield>
    <subfield code="b">SSSL</subfield>
    <subfield code="c">TXT</subfield>
    <subfield code="d">2016-06-28</subfield>
    <subfield code="e">KIRTI PRAKASHAN</subfield>
    <subfield code="g">550.00</subfield>
    <subfield code="i">SGTU</subfield>
    <subfield code="l">4</subfield>
    <subfield code="o">537,MAH</subfield>
    <subfield code="p">PS966</subfield>
    <subfield code="r">2021-01-25 00:00:00</subfield>
    <subfield code="s">2020-03-03</subfield>
    <subfield code="w">2015-09-19</subfield>
    <subfield code="y">FPS</subfield>
    <subfield code="k">2947</subfield>
  </datafield>
  <datafield tag="999" ind1=" " ind2=" ">
    <subfield code="c">9294</subfield>
    <subfield code="d">9294</subfield>
  </datafield>
</record>
